Sukatan Baru Peperiksaan Jabatan Penilaian dan Perkhidmatan Harta Bagi 1. Penolong Pegawai Penilaian 2. Juruteknik Penilaian (Khas) 3. Juruteknik Penilaian 4. Pelukis Pelan

Bibliographic Details
Format: Book
Subjects:
Online Access:http://app.inspen.gov.my:7779/pls/portal/docs/PAGE/CORPORATEPAGES/PORTAL_INSPEN/NOTA_KURSUS/AVO/CW.PDF

MARC

LEADER 00000cam a2200000 7i4500
001 0000006587
005 20071130.0
040 |a INS 
090 0 0 |a AVO24 
245 0 0 |a Sukatan Baru Peperiksaan Jabatan Penilaian dan Perkhidmatan Harta Bagi 1. Penolong Pegawai Penilaian 2. Juruteknik Penilaian (Khas) 3. Juruteknik Penilaian 4. Pelukis Pelan 
500 |a Digital document is available on-line; Please click the URL below 
650 0 0 |a Penolong Pegawai Penilaian 
856 |u http://app.inspen.gov.my:7779/pls/portal/docs/PAGE/CORPORATEPAGES/PORTAL_INSPEN/NOTA_KURSUS/AVO/CW.PDF 
999 |a AVO0000045   |b BOOK   |c Course Notes   |e Default branch